[Event "Sherbrooke op C"]
[Site "Sherbrooke CAN"]
[Date "2007.05.26"]
[Round "2"]
[White "Boutin, Andre"]
[Black "Olivier, Luc"]
[Result "0-1"]
[WhiteElo "1317"]
[BlackElo "1228"]
[PlyCount "65"]
[GameId "2160767910676048"]
[EventDate "2007.05.25"]
[EventType "swiss"]
[EventRounds "5"]
[EventCountry "CAN"]
[SourceTitle "EXT 2022"]
[Source "ChessBase"]
[SourceDate "2021.10.06"]
[SourceVersion "1"]
[SourceVersionDate "2021.10.06"]
[SourceQuality "1"]

1. e4 e5 2. Nf3 Nc6 3. Bc4 Be7 4. d4 d6 5. d5 Nb8 6. O-O Nf6 7. Nc3 O-O 8. Ne2 Nxe4 9. Ng3 Nxg3 10. fxg3 Bg4 11. h3 Bh5 12. g4 Bg6 13. Bd3 e4 14. Be2 exf3 15. Bxf3 Bg5 16. c4 Bxc1 17. Rxc1 Nd7 18. h4 Qxh4 19. Rc3 Qd8 20. Rf2 Re8 21. Re2 Rxe2 22. Bxe2 b6 23. Bd3 Bxd3 24. Rxd3 Ne5 25. Rh3 Qg5 26. Qc2 g6 27. Rg3 h5 28. Qc3 hxg4 29. Qd4 f5 30. Re3 Kf7 31. Rxe5 dxe5 32. Qxe5 Qe7 33. Qg3 0-1

[Event "Sherbrooke op C"]
[Site "Sherbrooke CAN"]
[Date "2007.05.26"]
[Round "2"]
[White "Gareau, Jacques"]
[Black "Pelosse, Jacques"]
[Result "0-1"]
[WhiteElo "1286"]
[BlackElo "1321"]
[PlyCount "86"]
[GameId "2160767910676049"]
[EventDate "2007.05.25"]
[EventType "swiss"]
[EventRounds "5"]
[EventCountry "CAN"]
[SourceTitle "EXT 2022"]
[Source "ChessBase"]
[SourceDate "2021.10.06"]
[SourceVersion "1"]
[SourceVersionDate "2021.10.06"]
[SourceQuality "1"]

1. b4 e5 2. a3 Nf6 3. Bb2 d6 4. e3 Be6 5. d3 g6 6. Nd2 Bg7 7. g3 Nbd7 8. Bg2 Rb8 9. c4 O-O 10. Ne2 Qc8 11. a4 Re8 12. h3 a6 13. O-O h5 14. f4 Nh7 15. Kh2 exf4 16. Bxg7 fxg3+ 17. Nxg3 Kxg7 18. Nxh5+ gxh5 19. Rg1 Kh8 20. Qxh5 Ndf6 21. Qh4 Rg8 22. Raf1 Qd8 23. Qh6 Rg6 24. Qf4 b5 25. axb5 axb5 26. cxb5 Rxb5 27. Be4 Rxg1 28. Rxg1 Rxb4 29. Qh6 Qf8 30. Qf4 Nxe4 31. dxe4 Rb2 32. Rg2 c5 33. e5 d5 34. e4 d4 35. Qf2 Qh6 36. Kg1 Qe3 37. Qxe3 dxe3 38. Nf3 Rxg2+ 39. Kxg2 c4 40. h4 c3 41. Nd4 Nf8 42. Kf3 Ng6 43. Nxe6 c2 0-1

[Event "Sherbrooke op C"]
[Site "Sherbrooke CAN"]
[Date "2007.05.26"]
[Round "2"]
[White "Remillard, Pierre"]
[Black "Valiquette, Simon"]
[Result "1-0"]
[WhiteElo "1450"]
[BlackElo "1321"]
[PlyCount "82"]
[GameId "2160767910676051"]
[EventDate "2007.05.25"]
[EventType "swiss"]
[EventRounds "5"]
[EventCountry "CAN"]
[SourceTitle "EXT 2022"]
[Source "ChessBase"]
[SourceDate "2021.10.06"]
[SourceVersion "1"]
[SourceVersionDate "2021.10.06"]
[SourceQuality "1"]

1. g3 c5 2. Bg2 Nf6 3. c3 d6 4. e4 Bd7 5. d4 Qc7 6. Qe2 e5 7. dxe5 dxe5 8. Nf3 Be7 9. O-O O-O 10. Na3 Bc6 11. Nh4 a6 12. Nf5 Re8 13. Bg5 Nbd7 14. Rad1 Rad8 15. Rd2 b5 16. Rfd1 Rc8 17. Nc2 Bf8 18. Nce3 g6 19. Nd6 Bxd6 20. Rxd6 Re6 21. Rxe6 fxe6 22. Ng4 Kg7 23. Bh6+ Kf7 24. Qf3 Qd8 25. Nxe5+ Nxe5 26. Qe2 Qe7 27. Bg5 Rd8 28. f4 Rxd1+ 29. Qxd1 Qd7 30. Qe2 Qd3 31. Qxd3 Nxd3 32. Bxf6 Kxf6 33. e5+ Ke7 34. Bxc6 Nxb2 35. Bb7 a5 36. Bc6 b4 37. cxb4 axb4 38. Kf2 Nd1+ 39. Ke2 Nc3+ 40. Kd2 Nxa2 41. Kc2 Nc3 1-0

[Event "Sherbrooke op C"]
[Site "Sherbrooke CAN"]
[Date "2007.05.26"]
[Round "2"]
[White "Saint Vincent, Gagne Felix"]
[Black "Roussel, Alexandre"]
[Result "1-0"]
[WhiteElo "1222"]
[BlackElo "1317"]
[PlyCount "131"]
[GameId "2160767910676052"]
[EventDate "2007.05.25"]
[EventType "swiss"]
[EventRounds "5"]
[EventCountry "CAN"]
[SourceTitle "EXT 2022"]
[Source "ChessBase"]
[SourceDate "2021.10.06"]
[SourceVersion "1"]
[SourceVersionDate "2021.10.06"]
[SourceQuality "1"]

1. e4 Nf6 2. Nc3 d5 3. exd5 Nxd5 4. Nxd5 Qxd5 5. Nf3 e5 6. d3 Nc6 7. Be2 Bb4+ 8. c3 Ba5 9. O-O O-O 10. b4 Bxb4 11. cxb4 Nxb4 12. Ba3 c5 13. Qd2 Na6 14. Rfd1 Bg4 15. Qe3 b6 16. Qe4 Be6 17. Qxd5 Bxd5 18. Nxe5 Rfe8 19. d4 cxd4 20. Bxa6 Rxe5 21. Rxd4 g6 22. Bb2 Rae8 23. h3 Bc6 24. Rad1 Ba4 25. Rxa4 f5 26. Bxe5 Rxe5 27. Rc4 Kg7 28. Rc7+ Kh6 29. Rxa7 b5 30. Rb7 Re2 31. Rxb5 Rxa2 32. Bc8 Rc2 33. Be6 Rc6 34. Re5 Kg5 35. Rde1 h5 36. g3 Kf6 37. f3 Rc3 38. Bd5 g5 39. g4 hxg4 40. hxg4 fxg4 41. fxg4 Rg3+ 42. Bg2 Rxg4 43. R5e2 Kg6 44. Rf2 Rf4 45. Rxf4 gxf4 46. Kf2 Kg5 47. Re4 Kg4 48. Bf3+ Kf5 49. Ra4 Ke5 50. Bg4 Kd5 51. Rxf4 Ke5 52. Ke3 Kd5 53. Re4 Kd6 54. Kd4 Kc6 55. Re5 Kd6 56. Bh3 Kc6 57. Rd5 Kc7 58. Kc5 Kb7 59. Rd6 Kc7 60. Bf1 Kb7 61. Rc6 Ka7 62. Rb6 Ka8 63. Rb1 Ka7 64. Kc6 Ka8 65. Kc7 Ka7 66. Ra1# 1-0

[Event "Sherbrooke op C"]
[Site "Sherbrooke CAN"]
[Date "2007.05.26"]
[Round "2"]
[White "Toussaint, Claude"]
[Black "Breton, Jules"]
[Result "0-1"]
[WhiteElo "1483"]
[BlackElo "1371"]
[PlyCount "96"]
[GameId "2160767910676054"]
[EventDate "2007.05.25"]
[EventType "swiss"]
[EventRounds "5"]
[EventCountry "CAN"]
[SourceTitle "EXT 2022"]
[Source "ChessBase"]
[SourceDate "2021.10.06"]
[SourceVersion "1"]
[SourceVersionDate "2021.10.06"]
[SourceQuality "1"]

1. e4 e5 2. Nf3 Nc6 3. Bb5 a6 4. Ba4 Nf6 5. O-O b5 6. Bb3 Be7 7. Re1 d6 8. c3 Na5 9. Bc2 c5 10. h3 h6 11. d4 Qc7 12. Nbd2 O-O 13. Nf1 Re8 14. Ng3 Nc4 15. b3 Nb6 16. Bd2 Bf8 17. Bd3 c4 18. Bc2 Bb7 19. d5 Nh7 20. a4 bxa4 21. bxa4 Nd7 22. Qc1 Nc5 23. Be3 g6 24. Bxh6 Bc8 25. Bxf8 Rxf8 26. Nd2 Nd3 27. Bxd3 cxd3 28. c4 f5 29. exf5 gxf5 30. f3 Qg7 31. Ngf1 f4 32. Kh1 Rf6 33. Nh2 Rg6 34. Rg1 Nf6 35. Qf1 Bf5 36. Qf2 Nh5 37. Nhf1 Re8 38. Ne4 Kh8 39. Rd1 Bd7 40. a5 Rg8 41. Rxd3 Bf5 42. Rd2 Qh7 43. c5 Rh6 44. Nh2 Bxe4 45. Ng4 Ng3+ 46. Kh2 Rxg4 47. fxg4 Rg6 48. Rb1 Bxb1 0-1

[Event "Sherbrooke op C"]
[Site "Sherbrooke CAN"]
[Date "2007.05.26"]
[Round "2"]
[White "Viens, Nicolas"]
[Black "Beaudry, Marc-Andre"]
[Result "1-0"]
[WhiteElo "1360"]
[BlackElo "1443"]
[PlyCount "45"]
[GameId "2160767910676055"]
[EventDate "2007.05.25"]
[EventType "swiss"]
[EventRounds "5"]
[EventCountry "CAN"]
[SourceTitle "EXT 2022"]
[Source "ChessBase"]
[SourceDate "2021.10.06"]
[SourceVersion "1"]
[SourceVersionDate "2021.10.06"]
[SourceQuality "1"]

1. c4 Nf6 2. d4 b6 3. Nc3 Bb7 4. Nf3 e6 5. g3 d5 6. cxd5 Nxd5 7. Bg2 Nd7 8. O-O Be7 9. Re1 O-O 10. e4 N5f6 11. Qc2 Rc8 12. e5 Nd5 13. h4 c5 14. Nxd5 Bxd5 15. dxc5 Rxc5 16. Qd1 Bxf3 17. Qxf3 Nxe5 18. Qb7 Rc7 19. Qa6 Bb4 20. Rxe5 Qd1+ 21. Qf1 Rd8 22. Bf4 Qd6 23. Re4 1-0

[Event "Sherbrooke op C"]
[Site "Sherbrooke CAN"]
[Date "2007.05.26"]
[Round "3"]
[White "Belanger, Christopher"]
[Black "Remillard, Pierre"]
[Result "1-0"]
[WhiteElo "1450"]
[BlackElo "1331"]
[PlyCount "67"]
[GameId "2160767910676056"]
[EventDate "2007.05.25"]
[EventType "swiss"]
[EventRounds "5"]
[EventCountry "CAN"]
[SourceTitle "EXT 2022"]
[Source "ChessBase"]
[SourceDate "2021.10.06"]
[SourceVersion "1"]
[SourceVersionDate "2021.10.06"]
[SourceQuality "1"]

1. e4 c5 2. Nf3 d6 3. d3 Nf6 4. c3 b5 5. Be3 Nc6 6. Nbd2 e5 7. d4 Ng4 8. Bxb5 Bb7 9. d5 Nxe3 10. fxe3 Qb6 11. dxc6 Bxc6 12. Bxc6+ Qxc6 13. c4 Be7 14. O-O O-O 15. Qe1 Rab8 16. b3 Bd8 17. a3 Ba5 18. Rb1 Rb7 19. Qc1 Rfb8 20. Qc2 Qd7 21. h3 Qe6 22. Rb2 Qh6 23. Qd3 Bd8 24. Rfb1 a5 25. Nf1 Re7 26. b4 axb4 27. axb4 Reb7 28. b5 Ba5 29. Rd1 Bc7 30. Rbd2 Qe6 31. Qd5 h6 32. Ra2 g5 33. Ra8 Qd7 34. Qxb7 1-0

[Event "Sherbrooke op C"]
[Site "Sherbrooke CAN"]
[Date "2007.05.26"]
[Round "3"]
[White "Belanger, Priscillia"]
[Black "Beauregard, Pascal"]
[Result "0-1"]
[WhiteElo "1401"]
[BlackElo "881"]
[PlyCount "72"]
[GameId "2160767910676057"]
[EventDate "2007.05.25"]
[EventType "swiss"]
[EventRounds "5"]
[EventCountry "CAN"]
[SourceTitle "EXT 2022"]
[Source "ChessBase"]
[SourceDate "2021.10.06"]
[SourceVersion "1"]
[SourceVersionDate "2021.10.06"]
[SourceQuality "1"]

1. e4 e5 2. Nf3 Nc6 3. d4 exd4 4. Nxd4 Bc5 5. Be3 Qf6 6. c3 Nge7 7. Qd2 h6 8. Nxc6 Bxe3 9. Qxe3 Nxc6 10. Bc4 d6 11. O-O O-O 12. Nd2 Re8 13. Bb5 Bd7 14. Rae1 a6 15. Bxc6 Bxc6 16. Re2 Re7 17. Nc4 Rae8 18. Rfe1 Bb5 19. b3 Bxc4 20. bxc4 Rxe4 21. Qxe4 Rxe4 22. Rxe4 Qxc3 23. h3 g6 24. Re8+ Kg7 25. R1e4 Qa1+ 26. Kh2 Qxa2 27. Rc8 d5 28. cxd5 Qxd5 29. Ree8 c5 30. Re1 b5 31. Ra1 Qe5+ 32. g3 Qxa1 33. Rxc5 Qd4 34. Rc6 Qxf2+ 35. Kh1 Qf3+ 36. Kg1 Qxc6 0-1

[Event "Sherbrooke op C"]
[Site "Sherbrooke CAN"]
[Date "2007.05.26"]
[Round "3"]
[White "Breton, Jules"]
[Black "Viens, Nicolas"]
[Result "0-1"]
[WhiteElo "1360"]
[BlackElo "1371"]
[PlyCount "100"]
[GameId "2160767910676058"]
[EventDate "2007.05.25"]
[EventType "swiss"]
[EventRounds "5"]
[EventCountry "CAN"]
[SourceTitle "EXT 2022"]
[Source "ChessBase"]
[SourceDate "2021.10.06"]
[SourceVersion "1"]
[SourceVersionDate "2021.10.06"]
[SourceQuality "1"]

1. e4 e5 2. Nf3 d6 3. Nc3 Nf6 4. Bc4 Bg4 5. h3 Bxf3 6. Qxf3 Nc6 7. Bb5 a6 8. Bxc6+ bxc6 9. d3 Be7 10. h4 h5 11. Qg3 g6 12. f3 Rb8 13. Ne2 Nd7 14. d4 c5 15. c3 c6 16. b3 cxd4 17. cxd4 c5 18. d5 Nb6 19. Bd2 Nc8 20. f4 Bf6 21. Bc3 exf4 22. Nxf4 Bxc3+ 23. Qxc3 O-O 24. g3 Re8 25. O-O-O Rxe4 26. Rhe1 Rxe1 27. Rxe1 Rb4 28. Qe3 Kg7 29. Qc3+ Qf6 30. Qc2 Qa1+ 31. Kd2 Qd4+ 32. Nd3 Qxd5 33. Kc1 Re4 34. Rd1 Qd4 35. Nb2 Qe3+ 36. Kb1 Rd4 37. Rxd4 Qxd4 38. a3 Qg1+ 39. Ka2 Qxg3 40. Qc4 Ne7 41. Qxa6 Nd5 42. Qc4 Nc3+ 43. Qxc3+ Qxc3 44. a4 d5 45. Nd1 Qd2+ 46. Nb2 c4 47. bxc4 dxc4 48. Ka3 c3 49. Nc4 Qd3 50. Kb4 c2 0-1

[Event "Sherbrooke op C"]
[Site "Sherbrooke CAN"]
[Date "2007.05.26"]
[Round "3"]
[White "Lavigne, Jake"]
[Black "Gareau, Jacques"]
[Result "0-1"]
[WhiteElo "1286"]
[BlackElo "1286"]
[PlyCount "124"]
[GameId "2160767910676059"]
[EventDate "2007.05.25"]
[EventType "swiss"]
[EventRounds "5"]
[EventCountry "CAN"]
[SourceTitle "EXT 2022"]
[Source "ChessBase"]
[SourceDate "2021.10.06"]
[SourceVersion "1"]
[SourceVersionDate "2021.10.06"]
[SourceQuality "1"]

1. e4 e5 2. Nf3 Nc6 3. Nc3 d6 4. d4 Qf6 5. Be3 h6 6. Bb5 Bd7 7. O-O g6 8. Nd5 Qd8 9. c3 Nf6 10. Nb4 Nxb4 11. Bxd7+ Nxd7 12. cxb4 Bg7 13. Rc1 O-O 14. Qc2 Rc8 15. d5 a6 16. h3 Kh7 17. Nd2 c6 18. Rfd1 cxd5 19. Qxc8 Qxc8 20. Rxc8 Rxc8 21. exd5 f5 22. f3 f4 23. Bf2 Nf6 24. Nf1 Rc2 25. Rd2 Rxd2 26. Nxd2 Nxd5 27. a3 Bf8 28. g3 g5 29. Kg2 Nf6 30. a4 Kg7 31. b5 axb5 32. axb5 Kf7 33. Nb3 Nd7 34. Na5 b6 35. Nb7 Ke6 36. Nd8+ Kd5 37. b3 Nc5 38. h4 fxg3 39. Kxg3 gxh4+ 40. Kxh4 Be7+ 41. Kh5 Bxd8 42. Kxh6 Nxb3 43. Kg6 Nd4 44. Bxd4 exd4 45. Kf7 d3 46. Ke8 Bg5 47. Kd7 Kc5 48. Kc7 d2 49. f4 Bxf4 50. Kb7 d1=Q 51. Ka6 Qa4+ 52. Kb7 Qxb5 53. Kc7 Qc6+ 54. Kd8 d5 55. Ke7 d4 56. Kf7 Kd5 57. Ke7 Ke5 58. Kf7 Bg5 59. Kf8 Kf6 60. Kg8 Qe8+ 61. Kh7 Qg6+ 62. Kh8 Qg7# 0-1

[Event "Sherbrooke op C"]
[Site "Sherbrooke CAN"]
[Date "2007.05.26"]
[Round "3"]
[White "Roussel, Alexandre"]
[Black "Boutin, Andre"]
[Result "0-1"]
[WhiteElo "1317"]
[BlackElo "1317"]
[PlyCount "122"]
[GameId "2160767910676060"]
[EventDate "2007.05.25"]
[EventType "swiss"]
[EventRounds "5"]
[EventCountry "CAN"]
[SourceTitle "EXT 2022"]
[Source "ChessBase"]
[SourceDate "2021.10.06"]
[SourceVersion "1"]
[SourceVersionDate "2021.10.06"]
[SourceQuality "1"]

1. Nf3 c5 2. d4 cxd4 3. Nxd4 e6 4. e4 Nc6 5. Nxc6 bxc6 6. Bd3 Nf6 7. Nc3 Bb4 8. O-O Bxc3 9. bxc3 d6 10. Bg5 h6 11. Bxf6 Qxf6 12. Qd2 O-O 13. Bc4 d5 14. exd5 cxd5 15. Bb3 a5 16. a4 Ba6 17. Rfe1 Rfd8 18. Rad1 Rac8 19. Re3 Bc4 20. Rf3 Qg6 21. Qd4 f6 22. Qb6 Qe8 23. Rg3 Bxb3 24. cxb3 Rd7 25. h3 Rb8 26. Qxa5 Rxb3 27. c4 Rxg3 28. fxg3 dxc4 29. Rc1 Qb8 30. Qc5 Rc7 31. Qa3 e5 32. a5 Qa7+ 33. Kf1 Qa6 34. Rd1 c3+ 35. Ke1 c2 36. Rd8+ Kh7 37. Qc1 Qxa5+ 38. Ke2 Qb5+ 39. Ke1 Qb4+ 40. Rd2 Qb1 41. Rxc2 Qxc1+ 42. Rxc1 Rxc1+ 43. Kd2 Rg1 44. g4 Rxg2+ 45. Ke3 Rg3+ 46. Ke4 Rxh3 47. Kf5 Rh4 48. Ke4 Rxg4+ 49. Kd5 h5 50. Ke6 h4 51. Kf5 Rg5+ 52. Ke4 h3 53. Kd5 h2 54. Kc4 h1=Q 55. Kd3 Qd5+ 56. Ke3 Rg3+ 57. Kf2 Qf3+ 58. Ke1 e4 59. Kd2 Qg2+ 60. Ke1 e3 61. Kd1 Qd2# 0-1

[Event "Sherbrooke op C"]
[Site "Sherbrooke CAN"]
[Date "2007.05.26"]
[Round "3"]
[White "Saint Vincent, Gagne Felix"]
[Black "Toussaint, Claude"]
[Result "1/2-1/2"]
[WhiteElo "1483"]
[BlackElo "1222"]
[PlyCount "90"]
[GameId "2160767910676061"]
[EventDate "2007.05.25"]
[EventType "swiss"]
[EventRounds "5"]
[EventCountry "CAN"]
[SourceTitle "EXT 2022"]
[Source "ChessBase"]
[SourceDate "2021.10.06"]
[SourceVersion "1"]
[SourceVersionDate "2021.10.06"]
[SourceQuality "1"]

1. e4 e6 2. Nc3 d5 3. exd5 exd5 4. d4 Nf6 5. Bd3 Be7 6. Nf3 O-O 7. O-O c6 8. Bf4 Qb6 9. Na4 Qa5 10. b3 b5 11. Nc5 Bxc5 12. dxc5 Nbd7 13. Bd6 Re8 14. Nd4 Bb7 15. Re1 Rxe1+ 16. Qxe1 Qxe1+ 17. Rxe1 Re8 18. Rxe8+ Nxe8 19. Be7 a5 20. c3 Nc7 21. b4 axb4 22. cxb4 Ne6 23. Nxe6 fxe6 24. f4 e5 25. fxe5 Nxe5 26. Bf5 g6 27. Be6+ Kg7 28. Bg5 h6 29. Bc1 Nd3 30. Bd2 Kf6 31. Bg4 g5 32. Be2 Nf4 33. Bxf4 gxf4 34. Kf2 Ke5 35. Ke1 Ke4 36. Kd2 Bc8 37. Bd1 d4 38. Bf3+ Ke5 39. Bxc6 Ba6 40. Kd3 h5 41. a3 h4 42. h3 Bc8 43. Bxb5 Bf5+ 44. Kd2 Be4 45. Bf1 Kd5 1/2-1/2

[Event "Sherbrooke op C"]
[Site "Sherbrooke CAN"]
[Date "2007.05.26"]
[Round "3"]
[White "Sanders, Danny"]
[Black "Beaudry, Marc-Andre"]
[Result "0-1"]
[WhiteElo "1443"]
[BlackElo "1206"]
[PlyCount "56"]
[GameId "2160767910676063"]
[EventDate "2007.05.25"]
[EventType "swiss"]
[EventRounds "5"]
[EventCountry "CAN"]
[SourceTitle "EXT 2022"]
[Source "ChessBase"]
[SourceDate "2021.10.06"]
[SourceVersion "1"]
[SourceVersionDate "2021.10.06"]
[SourceQuality "1"]

1. e4 c5 2. Nf3 d6 3. d4 cxd4 4. Nxd4 g6 5. Nc3 Bg7 6. Be3 Nf6 7. Be2 O-O 8. O-O Nc6 9. Nf3 a6 10. Qc1 b5 11. Bh6 b4 12. Bxg7 Kxg7 13. Nd5 Nxe4 14. Qf4 f5 15. Bd3 e5 16. Qe3 Nf6 17. Nxf6 Qxf6 18. Bc4 e4 19. Bd5 Bd7 20. Bxc6 Bxc6 21. Nd4 Bd5 22. Rad1 Rac8 23. Rd2 f4 24. Qh3 Rce8 25. f3 e3 26. Re2 Qxd4 27. Qd7+ Kg8 28. Qxd6 Rd8 0-1

[Event "Sherbrooke op C"]
[Site "Sherbrooke CAN"]
[Date "2007.05.26"]
[Round "3"]
[White "Soskic, Milan"]
[Black "Olivier, Luc"]
[Result "1/2-1/2"]
[WhiteElo "1228"]
[BlackElo "1398"]
[PlyCount "70"]
[GameId "2160767910676064"]
[EventDate "2007.05.25"]
[EventType "swiss"]
[EventRounds "5"]
[EventCountry "CAN"]
[SourceTitle "EXT 2022"]
[Source "ChessBase"]
[SourceDate "2021.10.06"]
[SourceVersion "1"]
[SourceVersionDate "2021.10.06"]
[SourceQuality "1"]

1. d4 Nf6 2. Nf3 e6 3. e3 d5 4. Bd3 Nbd7 5. O-O c5 6. b3 cxd4 7. exd4 Be7 8. Bb2 O-O 9. Nbd2 b6 10. Ne5 Nxe5 11. dxe5 Nd7 12. f4 f6 13. Qh5 f5 14. Rf3 Qe8 15. Rh3 Qxh5 16. Rxh5 g6 17. Rh3 a5 18. a4 Bb7 19. Nf3 Nc5 20. Bb5 Ba6 21. Nd4 Bxb5 22. Nxb5 Rac8 23. Ba3 Rc6 24. Nd4 Rcc8 25. Nb5 Rfe8 26. Rc3 Bf8 27. g3 h5 28. Kg2 Kg7 29. h3 Kg8 30. h4 Kg7 31. Kf3 Kh6 32. Kg2 Kh7 33. Kf3 Kh6 34. Kg2 Kh7 35. Kf3 Kh6 1/2-1/2

[Event "Sherbrooke op C"]
[Site "Sherbrooke CAN"]
[Date "2007.05.26"]
[Round "3"]
[White "Valiquette, Simon"]
[Black "Pelosse, Jacques"]
[Result "0-1"]
[WhiteElo "1321"]
[BlackElo "1321"]
[PlyCount "98"]
[GameId "2160767910676065"]
[EventDate "2007.05.25"]
[EventType "swiss"]
[EventRounds "5"]
[EventCountry "CAN"]
[SourceTitle "EXT 2022"]
[Source "ChessBase"]
[SourceDate "2021.10.06"]
[SourceVersion "1"]
[SourceVersionDate "2021.10.06"]
[SourceQuality "1"]

1. c4 c5 2. Nc3 Nf6 3. g3 d6 4. Bg2 Nbd7 5. e4 e5 6. Nge2 Be7 7. O-O O-O 8. f4 Rb8 9. Nd5 Nxd5 10. exd5 f6 11. Qc2 Nb6 12. b3 g6 13. Be4 f5 14. Bg2 Bf6 15. fxe5 Bxe5 16. Bb2 Bxb2 17. Qxb2 Qf6 18. d4 Bd7 19. Rab1 Rbe8 20. dxc5 dxc5 21. Nf4 Nc8 22. Qxf6 Rxf6 23. b4 cxb4 24. Rxb4 Rb6 25. Rfb1 Rxb4 26. Rxb4 b6 27. Kf2 Kf7 28. Nd3 a5 29. Rb1 Ba4 30. Rc1 Kf6 31. Re1 Rxe1 32. Kxe1 Bc2 33. Kd2 Bxd3 34. Kxd3 Ke5 35. Kc3 Nd6 36. Kd3 g5 37. h3 h5 38. Bf3 g4 39. hxg4 hxg4 40. Be2 Nb7 41. Ke3 Nc5 42. Bd1 Ne4 43. Bc2 Nxg3 44. d6 f4+ 45. Kf2 Kxd6 46. Ba4 Ke5 47. Bd7 Ne4+ 48. Ke1 g3 49. Bh3 f3 0-1

[Event "Sherbrooke op C"]
[Site "Sherbrooke CAN"]
[Date "2007.05.27"]
[Round "4"]
[White "Beaudry, Marc-Andre"]
[Black "Soskic, Milan"]
[Result "0-1"]
[WhiteElo "1443"]
[BlackElo "1398"]
[PlyCount "92"]
[GameId "2160767910676066"]
[EventDate "2007.05.25"]
[EventType "swiss"]
[EventRounds "5"]
[EventCountry "CAN"]
[SourceTitle "EXT 2022"]
[Source "ChessBase"]
[SourceDate "2021.10.06"]
[SourceVersion "1"]
[SourceVersionDate "2021.10.06"]
[SourceQuality "1"]

1. e4 e5 2. f4 d6 3. Nf3 Nc6 4. Bc4 h6 5. O-O Bg4 6. Nc3 Nf6 7. Be2 Bxf3 8. Bxf3 Nd4 9. fxe5 dxe5 10. d3 Nxf3+ 11. Qxf3 Bc5+ 12. Kh1 c6 13. Qg3 Be7 14. Qxg7 Rg8 15. Qxh6 Qd6 16. Qh3 Qd7 17. Qxd7+ Kxd7 18. Ne2 Rg6 19. Rf3 Rag8 20. Rg3 Ng4 21. c3 Bh4 22. Rf3 Nf2+ 23. Kg1 Rxg2+ 24. Kf1 Rxh2 25. Ke1 Nxe4+ 26. Kd1 Rh1+ 27. Kc2 Nd6 28. b3 Rg2 29. Re3 Ke6 30. Bb2 Rhh2 31. Bc1 Bg5 32. Rg3 Rxe2+ 33. Kd1 Bxc1 34. Rxc1 Rd2+ 35. Ke1 Rhe2+ 36. Kf1 Rf2+ 37. Kg1 Rfe2 38. d4 e4 39. Rf1 Rh2 40. Rg7 Rde2 41. Rg4 b5 42. Rgf4 a5 43. Rf6+ Ke7 44. R6f4 Rxa2 45. Rf6 Rhe2 46. R6f4 Rg2+ 0-1

[Event "Sherbrooke op C"]
[Site "Sherbrooke CAN"]
[Date "2007.05.27"]
[Round "4"]
[White "Belanger, Priscillia"]
[Black "Valiquette, Simon"]
[Result "0-1"]
[WhiteElo "881"]
[BlackElo "1321"]
[PlyCount "62"]
[GameId "2160767910676067"]
[EventDate "2007.05.25"]
[EventType "swiss"]
[EventRounds "5"]
[EventCountry "CAN"]
[SourceTitle "EXT 2022"]
[Source "ChessBase"]
[SourceDate "2021.10.06"]
[SourceVersion "1"]
[SourceVersionDate "2021.10.06"]
[SourceQuality "1"]

1. e4 c5 2. Nf3 e6 3. d4 cxd4 4. Nxd4 Nf6 5. Nc3 d6 6. Bg5 Be7 7. Bb5+ Bd7 8. O-O a6 9. Bxd7+ Nbxd7 10. Nf3 Qb6 11. b3 Qc6 12. Re1 Qxc3 13. Qd3 Rc8 14. Qxc3 Rxc3 15. Rad1 Rxc2 16. Bxf6 Nxf6 17. e5 dxe5 18. Nxe5 Rxa2 19. Rd3 O-O 20. Nd7 Rc8 21. Nxf6+ Bxf6 22. h3 Rcc2 23. Red1 g6 24. Rf1 e5 25. b4 e4 26. Re3 Bd4 27. Rxe4 Bxf2+ 28. Kh2 Bc5 29. bxc5 Rxg2+ 30. Kh1 Rh2+ 31. Kg1 Rag2# 0-1

[Event "Sherbrooke op C"]
[Site "Sherbrooke CAN"]
[Date "2007.05.27"]
[Round "4"]
[White "Boutin, Andre"]
[Black "Saint Vincent, Gagne Felix"]
[Result "1-0"]
[WhiteElo "1317"]
[BlackElo "1222"]
[PlyCount "41"]
[GameId "2160767910676068"]
[EventDate "2007.05.25"]
[EventType "swiss"]
[EventRounds "5"]
[EventCountry "CAN"]
[SourceTitle "EXT 2022"]
[Source "ChessBase"]
[SourceDate "2021.10.06"]
[SourceVersion "1"]
[SourceVersionDate "2021.10.06"]
[SourceQuality "1"]

1. e4 e5 2. Nf3 Nc6 3. Bc4 Nf6 4. O-O Be7 5. d4 exd4 6. e5 Ne4 7. Bd5 Ng5 8. Bxc6 Nxf3+ 9. Bxf3 d6 10. Qxd4 dxe5 11. Qxe5 O-O 12. Qg3 Bf6 13. Nc3 c6 14. Bg4 Bxg4 15. Qxg4 Re8 16. Be3 Qe7 17. g3 a6 18. Rfe1 Bxc3 19. bxc3 Qf6 20. Kg2 Qxc3 21. Bd4 1-0

[Event "Sherbrooke op C"]
[Site "Sherbrooke CAN"]
[Date "2007.05.27"]
[Round "4"]
[White "Olivier, Luc"]
[Black "Breton, Jules"]
[Result "1/2-1/2"]
[WhiteElo "1228"]
[BlackElo "1371"]
[PlyCount "127"]
[GameId "2160767910676070"]
[EventDate "2007.05.25"]
[EventType "swiss"]
[EventRounds "5"]
[EventCountry "CAN"]
[SourceTitle "EXT 2022"]
[Source "ChessBase"]
[SourceDate "2021.10.06"]
[SourceVersion "1"]
[SourceVersionDate "2021.10.06"]
[SourceQuality "1"]

1. d4 Nf6 2. c4 d5 3. cxd5 Nxd5 4. e4 Nb6 5. Nc3 e6 6. Nf3 Bb4 7. Be2 O-O 8. O-O N8d7 9. Bf4 a6 10. Rc1 h6 11. Na4 c6 12. Nxb6 Nxb6 13. Qb3 Be7 14. Rfd1 Nd7 15. e5 b5 16. Nd2 Bb7 17. Ne4 Qb6 18. Be3 Qd8 19. Nc5 Nxc5 20. dxc5 Qc7 21. f4 Rfd8 22. Rxd8+ Rxd8 23. Rd1 Qa5 24. Rxd8+ Qxd8 25. g3 Bc8 26. h4 Qa5 27. Kf2 Qd8 28. h5 Kh7 29. Qd3+ Qxd3 30. Bxd3+ Kg8 31. b4 f6 32. Bd4 f5 33. Kf3 Bd8 34. g4 Bh4 35. gxf5 exf5 36. Bf2 Bd8 37. Kg3 Kf7 38. Bc2 a5 39. a3 a4 40. Kf3 Ke6 41. Bb1 Kf7 42. Ba2+ Be6 43. Bxe6+ Kxe6 44. Ke3 Kd5 45. Kd3 Ke6 46. Kd4 Kf7 47. Kd3 g6 48. hxg6+ Kxg6 49. Ke3 h5 50. Bg3 h4 51. Bh2 Kh5 52. Kf3 h3 53. Kg3 Bh4+ 54. Kxh3 Be7 55. Kg3 Kg6 56. Kf3 Kf7 57. Ke3 Bh4 58. Kd3 Bf2 59. Ke2 Bh4 60. Bg1 Ke6 61. Kd3 Kd5 62. Be3 Bg3 63. Bc1 Bf2 64. Bd2 1/2-1/2

[Event "Sherbrooke op C"]
[Site "Sherbrooke CAN"]
[Date "2007.05.27"]
[Round "4"]
[White "Pelosse, Jacques"]
[Black "Beauregard, Pascal"]
[Result "0-1"]
[WhiteElo "1321"]
[BlackElo "1401"]
[PlyCount "74"]
[GameId "2160767910676071"]
[EventDate "2007.05.25"]
[EventType "swiss"]
[EventRounds "5"]
[EventCountry "CAN"]
[SourceTitle "EXT 2022"]
[Source "ChessBase"]
[SourceDate "2021.10.06"]
[SourceVersion "1"]
[SourceVersionDate "2021.10.06"]
[SourceQuality "1"]

1. d4 d5 2. c4 e6 3. Nc3 Nf6 4. a3 Be7 5. Bg5 O-O 6. Bxf6 Bxf6 7. e3 c6 8. Nf3 Nd7 9. c5 b5 10. Be2 e5 11. O-O e4 12. Nd2 Be7 13. f3 f5 14. fxe4 fxe4 15. b4 Bg5 16. Rxf8+ Qxf8 17. Nf1 Nf6 18. h3 Be6 19. a4 a6 20. axb5 axb5 21. Ra2 Rxa2 22. Nxa2 Qa8 23. Qb3 g6 24. Qb2 h5 25. Nc3 Ne8 26. Qa2 Qb7 27. Qa5 Ng7 28. g4 Qc8 29. Nd1 hxg4 30. hxg4 Bxg4 31. Kf2 Qf5+ 32. Ke1 Bxe2 33. Qa8+ Kh7 34. Kxe2 Qf3+ 35. Kd2 Qxf1 36. Qxc6 Qd3+ 37. Ke1 Bh4+ 0-1